Best NBA Players By Position - Statistiques

Statistiques générales
  • Ce quiz a été pris 340 fois
  • Le résultat moyen est 28 sur 50
Statistiques - réponses
Position Rank Career Réponse % Correct
PG 2 4 NBA titles, 1 Finals MVP, 2 MVPs, 4 All-NBA 1st Team selections, 9 All-Stars Stephen Curry
98%
SG 1 6 NBA titles, 6 Finals MVPs, 5 MVPs, 10 All-NBA 1st Team selections, 14 All-Stars, 1 Defensive Player of the Year, 9 All-Defensive 1st Team selections Michael Jordan
94%
SF 1 4 NBA titles, 4 Finals MVPs, 4 MVPs, 13 All-NBA 1st Team selections, 19 All-Stars, 5 All-Defensive 1st Team selections Lebron James
93%
PG 1 5 NBA titles, 3 Finals MVPs, 3 MVPs, 9 All-NBA 1st Team selections, 12 All-Stars Magic Johnson
91%
SG 2 5 NBA titles, 2 Finals MVPs, 1 MVP, 11 All-NBA 1st Team selections, 18 All-Stars, 9 All-Defensive 1st Team selections Kobe Bryant
88%
C 4 4 NBA titles, 3 Finals MVPs, 1 MVP, 8 All-NBA 1st Team selections, 15 All-Stars, 3 All-Defensive 2nd Team selections Shaquille O'Neal
86%
PF 1 5 NBA titles, 3 Finals MVPs, 2 MVPs, 10 All-NBA 1st Team selections, 8 All-Defensive 1st Team selections Tim Duncan
80%
C 1 6 NBA titles, 2 Finals MVPs, 6 MVPs, 10 All-NBA 1st Team selections, 19 All-Stars, 5 All-Defensive 1st Team selections Kareem Abdul-Jabbar
79%
SG 4 1 NBA title, 1 Finals MVP, 10 All-NBA 1st Team selections, 14 All-Stars, 4 All-Defensive 1st Team selections Jerry West
78%
SF 3 2 NBA titles, 2 Finals MVPs, 1 MVP, 6 All-NBA 1st Team selections, 13 All-Stars Kevin Durant
76%
SF 2 3 NBA titles, 2 Finals MVPs, 3 MVPs, 9 All-NBA 1st Team selections, 12 All-Stars Larry Bird
75%
SG 6 1 MVP, 6 All-NBA 1st Team selections, 10 All-Stars, 1 Sixth Man of the Year James Harden
73%
C 2 2 NBA titles, 1 Finals MVP, 4 MVPs, 7 All-NBA 1st Team selections, 13 All-Stars, 2 All-Defensive 1st Team selections Wilt Chamberlain
73%
PG 10 1 MVP, 9 All-NBA selections, 9 All-Stars Russell Westbrook
72%
C 3 11 NBA titles, 5 MVPs, 11, All-NBA selections, 12 All-Stars Bill Russell
69%
C 5 2 NBA titles, 2 Finals MVPs, 1 MVP, 6 All-NBA 1st Team selections, 12 All-stars, 2 Defensive Player of the Year, 5 All-Defensive 1st Team selections Hakeem Olajuwon
68%
PG 7 2 MVP awards, 7 All-NBA selections, 8 All-Stars Steve Nash
68%
PF 3 1 MVPs, 11 All-NBA 1st Team selections, 14 All-Stars, 3 All-Defensive 1st Team selections Karl Malone
65%
C 6 1 NBA title, 1 Finals MVP, 3 MVPs, 8 All-NBA selections, 12 All-Stars, 2 All-Defensive Team selections Moses Malone
65%
SF 5 6 NBA titles, 7 All-NBA selections, 7 All-Stars, 8 All-Defensive Teams Scottie Pippen
65%
SG 5 1 MVP, 7 All-NBA selections, 11 All-Stars Allen Iverson
64%
PG 6 11 All-NBA selections, 12 All-Stars, 7 All-Defensive 1st Team selections Chris Paul
62%
PF 4 1 NBA title, 1 Finals MVP, 1 MVP, 12 All-NBA selections, 14 All-Stars Dirk Nowitzki
61%
SG 3 3 NBA titles, 1 Finals MVP, 8 All-NBA selections, 13 All-Stars, 3 All-Defensive 2nd Team selections Dwyane Wade
60%
PF 5 1 NBA title, 1 Finals MVP, 2 MVPs, 5 All-NBA 1st Team selections, 7 All-Stars, 1 Defensive Player of the Year, 4 All-Defensive 1st Team selections Giannis Antetokounmpo
59%
PF 2 1 NBA title, 1 MVP, 9 All-NBA Teams, 15 All-Stars, 1 Defensive Player of the Year, 9 All-Defensive 1st Team selections Kevin Garnett
59%
PG 4 11 All-NBA selections, 10 All-Stars, 5 All-Defensive 2nd Team selections John Stockton
57%
PG 5 2 NBA titles, 1 Finals MVP, 3 All-NBA 1st Team selections, 12 All-Stars Isiah Thomas
55%
PG 8 1 NBA title, 5 All-NBA 1st Team selections, 10 All-Stars, 9 All-Defensive selections Jason Kidd
55%
C 7 2 NBA titles, 1 MVP, 10 All-NBA selections, 10 All-Stars, 1 Defensive Player of the Year, 8 All-Defensive selections David Robinson
53%
SF 8 2 NBA titles, 2 Finals MVPs, 5 All-NBA selections, 5 All-Stars, 2 Defensive Player of the Year, 7 All-Defensive selections Kawhi Leonard
51%
PF 10 5 NBA titles, 2 All-NBA 3rd Team selections, 2 All-Stars, 2 Defensive Player of the Year, 7 All-Defensive 1st Team selections Dennis Rodman
49%
PG 9 6 NBA titles, 1 MVP, 10 All-NBA 1st Team selections, 13 All-Stars Bob Cousy
45%
PF 6 1 MVP, 11 All-NBA selections, 11 All-Stars Charles Barkley
45%
PG 3 1 NBA title, 1 MVP, 9 All-NBA 1st Team selections, 12 All-Stars, Oscar Robertson
45%
SF 4 1 NBA title, 1 MVP, 5 All-NBA 1st Team selections, 11 All-Stars Julius Erving
40%
C 8 7 All-NBA selections, 11 All-Stars, 3 All-Defensive 2nd Team selections Patrick Ewing
40%
SG 9 2 NBA titles, 2 All-NBA selections, 10 All-Stars Ray Allen
37%
SF 7 8 NBA titles, 1 Finals MVP, 11 All-NBA selections, 13 All-Stars, 5 All-Defensive 1st Team selections John Havlicek
36%
SG 7 1 NBA title, 5 All-NBA selections, 10 All-Stars Clyde Drexler
32%
C 10 1 NBA title, 5 All-NBA 1st Team selections, 8 All-Stars, 3 Defensive Player of the Year, 4 All-Defensive 1st Team selections Dwight Howard
31%
SF 6 10 All-NBA 1st Team selections, 11 All-Stars Elgin Baylor
29%
PF 7 1 NBA title, 2 MVPs, 10 All-NBA 1st Team selections, 11 All-Stars Bob Pettit
28%
SF 10 7 All-NBA selections, 9 All-Stars Dominique Wilkins
24%
SG 8 3 All-NBA 3rd Team selections, 5 All-Stars Reggie Miller
24%
PF 9 3 NBA titles, 1 All-NBA 1st Team selection, 7 All-Stars, 6 All-Defensive selections, 2 Sixth Man of the Year Kevin McHale
22%
SG 10 5 All-NBA 1st Team selections, 9 All-Stars George Gervin
20%
PF 8 1 NBA title, 6 All-NBA selections, 12 All-Stars, 2 All-Defensive 2nd Team selections Elvin Hayes
17%
C 9 5 NBA titles, 6 All-NBA 1st Team selections, 4 All-Stars George Mikan
15%
SF 9 1 NBA title, 1 Finals MVP, 5 All-NBA 1st Team selections, 8 All-Stars Rick Barry
13%
Aucun quiz correspondant
Distribution des résultats
% des personnes avec chaque résultat
Percentile par nombre de réponses
Votre historique - résultats
Vous n’avez pas pris ce quiz